¡Hola, Ayer! Anécdotas, Historietas, Secretos /

Αποθηκεύτηκε σε:
Λεπτομέρειες βιβλιογραφικής εγγραφής
Κύριος συγγραφέας: Francis, Myriam
Μορφή: Άγνωστο
Γλώσσα:Spanish
Έκδοση: San José, Costa Rica : Editorial Martí, 1986.
Θέματα:
Ετικέτες: Προσθήκη ετικέτας
Δεν υπάρχουν, Καταχωρήστε ετικέτα πρώτοι!

MARC

LEADER 000000000a22000000004500
001 003064
041 0 |a spa 
082 0 4 |a 398.2   |b F818h 
100 1 |a Francis, Myriam 
245 1 0 |a ¡Hola, Ayer! Anécdotas, Historietas, Secretos /   |c Myriam Francis. 
260 1 |a San José, Costa Rica :   |b Editorial Martí,   |c 1986. 
300 |a 189 páginas 
650 4 |a ANECDOTAS 
650 4 |a COSTA RICA 
650 4 |a PRESIDENTES 
650 4 |a COSTA RICA 
999 |c 9376  |d 9376 
942 |c BK  |h 398.2 F818h  |2 z